All Incorporated Municipalities of Saint Lawrence County, New York - Statistics

General Stats
  • This quiz has been taken 3 times
  • The average score is 29 of 43
Answer Stats
Answer % Correct
Fine
100%
Gouverneur
100%
Gouverneur
100%
Hopkinton
100%
Massena
100%
Massena
100%
Ogdensburg
100%
Potsdam
100%
Potsdam
100%
Waddington
100%
Waddington
100%
Brasher
67%
Canton
67%
Canton
67%
Clare
67%
Clifton
67%
Colton
67%
De Kalb
67%
De Peyster
67%
Edwards
67%
Fowler
67%
Heuvelton
67%
Lawrence
67%
Madrid
67%
Norfolk
67%
Norwood
67%
Piercefield
67%
Pierrepont
67%
Pitcairn
67%
Rensselaer Falls
67%
Richville
67%
Stockholm
67%
Hammond
33%
Hammond
33%
Hermon
33%
Lisbon
33%
Louisville
33%
Macomb
33%
Morristown
33%
Oswegatchie
33%
Parishville
33%
Rossie
33%
Russell
33%
No matching quizzes found
Score Distribution
Percent of People with Each Score
Percentile by Number Answered
Your Score History
You have not taken this quiz